| 000 | 00945nam a2200205Ii 4500 | ||
|---|---|---|---|
| 003 | JO-AjNU | ||
| 008 | 230605s9999||||xx |||||||||||||| ||und|| | ||
| 017 | _a2006/4/761 | ||
| 040 |
_aJO-AjNU _bara _erda _cJO-AjNU |
||
| 041 | _aara | ||
| 050 | 1 | 4 | _aPJ7519.R5.M87 2006 |
| 100 | 3 |
_aتحرير ومراجعة أبو أصبع، صالح ؛ عز الدين المناصرة ؛ محمد عبيد الله, _eauthor _924205 |
|
| 245 | 0 | 0 | _aثقافة المقاومة (2) في الآداب والفنون: أوراق مؤتمر فيلادلفيا الدولي العاشر - المؤتمر العلمي لكلية الآداب والفنون 25 - 28 نيسان( إبريل ) 2005 |
| 264 | 3 | 1 | _aجرش: جامعة فيلادلفيا،2006 |
| 300 | _a398ص | ||
| 336 |
_atext _btxt _2rdacontent |
||
| 337 |
_aunmediated _bn _2rdamedia |
||
| 338 |
_avolume _bnc _2rdacarrier |
||
| 650 | 4 |
_aالأدب العربي - مقاومة الإحتلال _924206 |
|
| 999 |
_aA8875 _c12443 _d12443 |
||